Plazmagyűjtő központok online marketing kampányainak elemzésse

Bibliográfiai részletek
Szerző: Zóka Jozefina
További közreműködők: Papp Dr. Vanda
Dokumentumtípus: Diplomadolgozat
Kulcsszavak:AIDA-modell
marketingkommunikáció
online marketing
plazma
vérplazma
Online Access:http://dolgozattar.uni-bge.hu/59860

MARC

LEADER 00000nta a2200000 i 4500
001 dolg59860
005 20260409145649.0
008 260409suuuu hu om 000 hun d
040 |a BGE Dolgozattár Repozitórium  |b hun 
041 |a hu 
100 1 |a Zóka Jozefina 
245 1 0 |a Plazmagyűjtő központok online marketing kampányainak elemzésse  |c Zóka Jozefina  |h [elektronikus dokumentum] 
520 3 |a A digitális marketing egyre nagyobb szerepet játszik a különböző iparágak sikerességének elmélyítésében, ennek megfelelően a plazmagyűjtőpontok működésében is nélkülözhetetlen tényezővé vált. A plazmaadás létfontosságú szerepet tölt be a modern gyógyászatban, hiszen számos életmentő gyógyszer és kezelés alapanyagául szolgál. A plazmagyűjtőpontok számára ezért kiemelt jelentőségű, hogy hatékony marketingeszközökkel ösztönözzék a potenciális donorokat az adományozásra, valamint fenntartsák a meglévő donorok lojalitását. Szakdolgozatom a plazmagyűjtők kampányelemeire, digitális - és offline marketing eszközeinek elemzésére épül. Ismeretség által a Haema Plasma Kft. (1051 Budapest, Bajcsy – Zsilinszky út 12.) 7 magyarországi centrumának elmúlt egy évre visszamenőleges adatait használom elemzéseim és kutatásaim számszerűsítéséhez és igazolásához. A témaválasztásomat meghatározó tényezők között személyes kötődés és szakmai indok egyaránt megvoltak. Ismerek olyan személyt, aki vérzékenységben szenved, és számára a plazmából készített gyógyszerkészítmény segíti a mindennapi boldogulást. Másrészről az is felkeltette érdeklődésemet a témával kapcsolatban, hogy a Covid-19 alatt a plazmából készült készítmény sok esetben életmentő voltsegített a vírus legyőzésében. A szakmai indok pedig elsősorban abból adódik, hogy rengeteg platformon szembe jönnek a különböző plazmagyűjtő cégek marketing akciói. A témám egy etikai kérdést is felvet, hogy marketinggel meddig fokozható a donorok plazmaadási hajlandósága, mivel a plazmaadásnak van egy egészségügyi kockázata. Dolgozatom elméleti részében ennek orvosi és emberi oldali kérdéseit szeretném kifejteni. 
695 |a AIDA-modell 
695 |a marketingkommunikáció 
695 |a online marketing 
695 |a plazma 
695 |a vérplazma 
700 1 |a Papp Dr. Vanda  |e ths 
856 4 0 |u http://dolgozattar.uni-bge.hu/59860/1/Z%C3%B3ka%20Jozefina_A5X68B_Kereskedelem%20%C3%A9s%20marketing%20szak_Plazmagy%C5%B1jt%C5%91%20k%C3%B6zpontok%20online%20marketing%20kamp%C3%A1nyainak%20elemz%C3%A9se.pdf  |z Dokumentum-elérés 
856 4 0 |u http://dolgozattar.uni-bge.hu/59860/2/Titkos%C3%ADt%C3%A1si%20k%C3%A9relem.pdf  |z Dokumentum-elérés 
856 4 0 |u http://dolgozattar.uni-bge.hu/59860/3/ZokaJozefina_kulso_2025.pdf  |z Dokumentum-elérés 
856 4 0 |u http://dolgozattar.uni-bge.hu/59860/4/Z%C3%B3ka%20Jozefina_BA%20KM%20magyar%20b%C3%ADr%C3%A1lati%20lap%20BELS%C5%90.pdf  |z Dokumentum-elérés